| 000 | 01086cam a2200289 a 4500 | ||
|---|---|---|---|
| 999 |
_c3596 _d3596 |
||
| 001 | 12194736 | ||
| 003 | OSt | ||
| 005 | 20190904163322.0 | ||
| 008 | 001004s2001 at a 001 0 eng | ||
| 010 | _a 00049792 | ||
| 020 | _a0534376886 | ||
| 040 |
_aDLC _cDLC _dDLC |
||
| 050 | 0 | 0 |
_aQC23 _b.U76 2001 |
| 082 | 0 | 0 |
_a530 _221 _bURO 2001 |
| 100 | 1 |
_aUrone, Paul Peter. _98025 |
|
| 245 | 1 | 0 | _aCollege Physics |
| 250 | _a2nd ed. | ||
| 260 |
_aAustralia ; _bBrooks, _c2001. |
||
| 300 |
_a1 v. (various pagings) : _bcol.ill ; _c29 cm. |
||
| 500 | _aIncludes index. | ||
| 650 | 0 |
_aPhysics. _9809 |
|
| 856 | 4 | 2 |
_3Contributor biographical information _uhttp://www.loc.gov/catdir/enhancements/fy1103/00049792-b.html |
| 856 | 4 | 2 |
_3Publisher description _uhttp://www.loc.gov/catdir/enhancements/fy1103/00049792-d.html |
| 906 |
_a7 _bcbc _corignew _d1 _eocip _f20 _gy-gencatlg |
||
| 942 |
_2ddc _cSLOAN |
||